[Event "TUR-chT Clubs"]
[Site "Konya"]
[Date "2019.07.21"]
[Round "9.18"]
[White "Dincer, Onuralp"]
[Black "Saglam, Turan"]
[Result "1-0"]
[WhiteElo "1306"]
[BlackElo "1274"]
[PlyCount "71"]
[EventDate "2019.07.16"]
[EventType "team-swiss"]
[EventRounds "9"]
[EventCountry "TUR"]
[SourceTitle "CBM 191 Extra"]
[Source "ChessBase"]
[SourceDate "2019.09.30"]
[SourceVersion "1"]
[SourceVersionDate "2019.09.30"]
[SourceQuality "1"]
[WhiteTeam "Bolu Dernegi"]
[BlackTeam "Cendosk Cendere Doga"]
[WhiteTeamCountry "TUR"]
[BlackTeamCountry "TUR"]

1. d4 Nf6 2. Nf3 d6 3. Bf4 Bg4 4. e3 Nbd7 5. Be2 h6 6. Nbd2 Nh5 7. Bg3 Nxg3 8. hxg3 e5 9. c3 Qe7 10. Qb3 Nb6 11. Bd3 0-0-0 12. Qc2 g6 13. 0-0-0 f5 14. e4 fxe4 15. Bxe4 exd4 16. Rde1 Qg7 17. Nxd4 c5 18. N4b3 g5 19. Bf5+ Bxf5 20. Qxf5+ Kb8 21. Re6 Qc7 22. Rhe1 Qc6 23. Nf3 Bg7 24. Qf7 Rd7 25. Re7 Rxe7 26. Rxe7 Bxc3 27. bxc3 Na4 28. Na5 Qa6 29. Rxb7+ Ka8 30. Rxa7+ Qxa7 31. Qd5+ Kb8 32. Nc6+ Ka8 33. Nxa7+ Kxa7 34. Qxd6 Rb8 35. Qc7+ Rb7 36. Qa5+ 1-0

[Event "TUR-chT Clubs"]
[Site "Konya"]
[Date "2019.07.19"]
[Round "6.16"]
[White "Saglam, Turan"]
[Black "Gorgulu, Yusuf"]
[Result "1-0"]
[WhiteElo "1274"]
[BlackElo "1309"]
[PlyCount "113"]
[EventDate "2019.07.16"]
[EventType "team-swiss"]
[EventRounds "9"]
[EventCountry "TUR"]
[SourceTitle "CBM 191 Extra"]
[Source "ChessBase"]
[SourceDate "2019.09.30"]
[SourceVersion "1"]
[SourceVersionDate "2019.09.30"]
[SourceQuality "1"]
[WhiteTeam "Cendosk Cendere Doga"]
[BlackTeam "Elazig Genclik"]
[WhiteTeamCountry "TUR"]
[BlackTeamCountry "TUR"]

1. d4 Nf6 2. c4 e6 3. a3 d5 4. c5 a5 5. Nc3 Bd7 6. e3 b6 7. cxb6 cxb6 8. Bd3 Nc6 9. Nf3 Na7 10. Ne5 Bd6 11. Nxd7 Qxd7 12. Qe2 0-0 13. 0-0 Rac8 14. e4 dxe4 15. Nxe4 Be7 16. Be3 Nd5 17. Rac1 f5 18. Rxc8 Nxc8 19. Ng5 Nxe3 20. Qxe3 Bxg5 21. Qxg5 Qxd4 22. Qe3 Qxe3 23. fxe3 Rd8 24. Bc4 Rd6 25. g3 g6 26. Kg2 Ne7 27. Kf3 Kg7 28. Kf4 Kf6 29. g4 e5+ 30. Kg3 h6 31. gxf5 gxf5 32. Kh4 Kg7 33. Rg1+ Rg6 34. Rxg6+ Nxg6+ 35. Kh5 f4 36. Kg4 fxe3 37. Kf3 Kf6 38. Kxe3 h5 39. Bb5 h4 40. Bd7 Nf8 41. Bg4 Ne6 42. Bxe6 Kxe6 43. Ke4 h3 44. a4 Kd6 45. Kf3 Kd5 46. Kg3 e4 47. Kxh3 e3 48. Kg2 Kd4 49. Kf1 Kd3 50. Ke1 Kc2 51. h4 Kxb2 52. h5 Ka3 53. h6 Kxa4 54. h7 b5 55. h8Q b4 56. Qa1+ Kb5 57. Ke2 1-0

[Event "TUR-chT2"]
[Site "Konya"]
[Date "2018.07.15"]
[Round "9.19"]
[White "Kesici, Ibrahim"]
[Black "Saglam, Turan"]
[Result "1-0"]
[WhiteElo "1771"]
[BlackElo "1311"]
[PlyCount "83"]
[EventDate "2018.07.10"]
[EventType "team-swiss"]
[EventRounds "9"]
[EventCountry "TUR"]
[SourceTitle "EXT 2019"]
[Source "ChessBase"]
[SourceDate "2018.10.10"]
[SourceVersion "1"]
[SourceVersionDate "2018.10.10"]
[SourceQuality "1"]
[WhiteTeam "Istanbul Kartal Belediye"]
[BlackTeam "Cendosk Cendere Doga"]
[WhiteTeamCountry "TUR"]
[BlackTeamCountry "TUR"]

1. e4 c5 2. Nf3 d6 3. d4 cxd4 4. Nxd4 Nf6 5. Nc3 g6 6. Be3 Bg7 7. f3 0-0 8. Bc4 Bd7 9. Qd2 Nc6 10. 0-0-0 Rc8 11. Bb3 Ne5 12. Kb1 Nc4 13. Bxc4 Rxc4 14. h4 a6 15. h5 Nxh5 16. g4 Nf6 17. Qh2 Qa5 18. Nd5 Re8 19. Nb3 Qd8 20. Nxf6+ exf6 21. Qxh7+ Kf8 22. Bf4 Re5 23. Rxd6 Qc7 24. Rhd1 Be8 25. Bxe5 fxe5 26. Qh2 Rc6 27. Qd2 Rxd6 28. Qxd6+ Qxd6 29. Rxd6 Ke7 30. Rb6 Bb5 31. Rxb7+ Kf6 32. Nc1 Bh6 33. Nd3 Be3 34. b3 Ke6 35. c4 Bc6 36. Rc7 Be8 37. a4 f5 38. c5 Bd2 39. Kc2 Be3 40. Ra7 fxe4 41. Rxa6+ Kd5 42. Rd6# 1-0